| 000 | 00449nam a2200169Ia 4500 | ||
|---|---|---|---|
| 005 | 20250507125810.0 | ||
| 008 | 008 250505s9999 xx 000 0 kor d | ||
| 037 | _aAudio | ||
| 040 |
_aEASL _beng _cEASL |
||
| 041 |
_akor _2eng |
||
| 084 |
_aCD00265-274 _qEASL |
||
| 245 | 0 | _aHanguke jeontong munhwa = Korea traditional culture | |
| 490 | _vV. 5 | ||
| 650 | _aKorean | ||
| 942 |
_cAUD _hCD00265-274 |
||
| 999 |
_c1313252 _d1313252 |
||